Statistics for All-Time Winnipeg Jets

Click here to take the quiz!

General Stats

  • This quiz has been taken 74 times
  • The average score is 4 of 13

Answer Stats

PositionAnswer% Correct
1st Line RWSelänne
63%
1st Line CLaine
55%
1st Line DByfuglien
42%
2nd Line RWLadd
35%
2nd Line LWHull
32%
1st Line LWKovalchuk
28%
CoachMaurice
26%
Startig GoaliePavelec
26%
2nd Line CLittle
25%
2nd Line DHousley
20%
1st Line DSavard
14%
2nd Line DBogosian
11%
Backup GoalieLehtonen
11%

Score Distribution

Percentile by Number Answered

Percent of People with Each Score

Your Score History

You have not taken this quiz